=LDR 00000nam 2200000 4500 =001 INLIS000000000022060 =005 20130612120845 =008 ***********************************Ind** =035 ##$$0010-061300000022060 =041 ##$$a Ind =082 ##$$a 343.1 =090 ##$$a 343.1, Sim k =100 ##$$a Simatupang, T.B =245 ##$$a Ketahanan nasional dalam situasi baru di Asia Tenggara, Dr. T.B Simatupang =260 ##$$a 1976 $b Jakarta =300 ##$$a 44 hlm, 21 cm =650 ##$$a Ketahanan nasional =850 ##$$a NBPNMAT